00387cam a22001337a 4500008004000000082001600040100002300056245004300079260002800122300000900150650002800159650002600187650004000213180718b1998 xxu||||| |||| 00| 0 eng d aT19x54 P882 aPrasad, Pradhan H. aIndia after 1991cby Pradhan H. Prasad aPatnabMarut Pub.c1998 a76p. aInternational relations aGlobalization - India aIndia - Economic conditions - 1991-